Plant morphology / (Record no. 3302)

MARC details
000 -LEADER
fixed length control field 00653cam a22002413u 4500
001 - CONTROL NUMBER
control field BD-DhSAU 3302
003 - CONTROL NUMBER IDENTIFIER
control field BD-DhSAU
005 - DATE AND TIME OF LATEST TRANSACTION
control field 20150204155730.0
008 - FIXED-LENGTH DATA ELEMENTS--GENERAL INFORMATION
fixed length control field 090501s1953 -usa||||r|||||||1 ||||| d
040 ## - CATALOGING SOURCE
Original cataloging agency BD-DhSAU
082 ## - DEWEY DECIMAL CLASSIFICATION NUMBER
Edition number 22
Classification number 581
Item number SIP
100 1# - MAIN ENTRY--PERSONAL NAME
Personal name Haupt, Arthur W.
Dates associated with a name 1894-
Fuller form of name (Wing)
245 10 - TITLE STATEMENT
Title Plant morphology /
Statement of responsibility, etc. Arthur W. Haupt.
260 ## - PUBLICATION, DISTRIBUTION, ETC. (IMPRINT)
Place of publication, distribution, etc. New York :
Name of publisher, distributor, etc. McGraw-Hill,
Date of publication, distribution, etc. c1953.
300 ## - PHYSICAL DESCRIPTION
Extent ix, 464 p. :
Other physical details ill. ;
Dimensions 24 cm.
504 ## - BIBLIOGRAPHY, ETC. NOTE
Bibliography, etc Includes index.
590 ## - Name of Cataloguer
Name of Cataloger joy
650 ## - SUBJECT ADDED ENTRY--TOPICAL TERM
Topical term or geographic name as entry element Genetics.
650 ## - SUBJECT ADDED ENTRY--TOPICAL TERM
Topical term or geographic name as entry element Plant morphology.
650 ## - SUBJECT ADDED ENTRY--TOPICAL TERM
Topical term or geographic name as entry element Plante, morphologie.
650 ## - SUBJECT ADDED ENTRY--TOPICAL TERM
Topical term or geographic name as entry element Botanique.
773 #0 - HOST ITEM ENTRY
Title Biodiversity Heritage Library
942 ## - ADDED ENTRY ELEMENTS (KOHA)
Source of classification or shelving scheme Dewey Decimal Classification
Koha item type Book
Holdings
Withdrawn status Lost status Source of classification or shelving scheme Damaged status Not for loan Home library Branch Name Shelving location Date acquired Total Checkouts Full call number Barcode Date last seen Price effective from Koha item type Collection code
    Dewey Decimal Classification     SAU Library SAU Library General Stacks 25/09/1979   581 SIP 4390 04/02/2015 04/02/2015 Book  
    Dewey Decimal Classification   Not For Loan SAU Library SAU Library Reference 29/04/1979   581 SIP 4389 19/04/2015 19/04/2015 Book Reference